| 000 | 00884nam a2200217Ia 4500 | ||
|---|---|---|---|
| 999 |
_c38174 _d38174 |
||
| 001 | 4164 | ||
| 003 | GE_BSU | ||
| 005 | 20190920154349.0 | ||
| 008 | 181216s1983||||ge |||||||||||||| ||geo|| | ||
| 040 | _cGE_BSU | ||
| 041 | _ageo | ||
| 080 | _a398(479.22) ქ–27 | ||
| 245 |
_aქართული ფოლკლორი : _b მასალები და გამოკვლევები. ტ. 13 / _cრედ.: მ. ჩიქოვანი, ჯ. ბარდაველიძე. |
||
| 264 |
_aთბ.: _bმეცნიერება, _c1983. |
||
| 300 |
_a150 გვ. ; _b21 სმ. |
||
| 504 | _aბიბლიოგრ. ტექსტის შენიშვნებში. | ||
| 541 | _h2 ლ. | ||
| 653 | _aქართული ფოლკლორი | ||
| 700 |
_aჩიქოვანი, მ. _eრედაქტორი _94201 |
||
| 942 |
_cBK _2udc |
||